|
|
|
|
| LEADER |
00000cam a22000004a 4500 |
| 001 |
musev2_41199 |
| 003 |
MdBmJHUP |
| 005 |
20230905044323.0 |
| 006 |
m o d |
| 007 |
cr||||||||nn|n |
| 008 |
111003s2011 dcu o 00 0 eng d |
| 020 |
|
|
|a 9781597977647
|
| 020 |
|
|
|z 9781597976879
|
| 035 |
|
|
|a (OCoLC)755577240
|
| 040 |
|
|
|a MdBmJHUP
|c MdBmJHUP
|
| 100 |
1 |
|
|a Patchan, Scott C.,
|d 1966-
|
| 245 |
1 |
0 |
|a Second Manassas :
|b Longstreet's Attack and the Struggle for Chinn Ridge /
|c Scott C. Patchan.
|
| 250 |
|
|
|a 1st ed.
|
| 264 |
|
1 |
|a Washington, D.C. :
|b Potomac Books,
|c 2011.
|
| 264 |
|
3 |
|a Baltimore, Md. :
|b Project MUSE,
|c 2016
|
| 264 |
|
4 |
|c ©2011.
|
| 300 |
|
|
|a 1 online resource (214 pages):
|b illustrations, maps
|
| 336 |
|
|
|a text
|b txt
|2 rdacontent
|
| 337 |
|
|
|a computer
|b c
|2 rdamedia
|
| 338 |
|
|
|a online resource
|b cr
|2 rdacarrier
|
| 505 |
0 |
|
|a "Take care of yourself" -- "Frenzied in their passions" -- "Perfect storms of bullets" -- "We went for them" -- "We can keep them back" -- "We are friends now" -- Union disaster averted.
|
| 520 |
|
|
|a The turning point of one of the Civil War's most crucial battles.
|
| 588 |
|
|
|a Description based on print version record.
|
| 600 |
1 |
7 |
|a Longstreet, James,
|d 1821-1904.
|2 fast
|0 (OCoLC)fst00054155
|
| 600 |
1 |
1 |
|a Longstreet, James,
|d 1821-1904.
|
| 600 |
1 |
0 |
|a Longstreet, James,
|d 1821-1904.
|
| 650 |
|
7 |
|a HISTORY
|z United States
|x Civil War Period (1850-1877)
|2 bisacsh
|
| 650 |
|
6 |
|a 2e bataille de Bull Run, Virg., 1862.
|
| 650 |
|
0 |
|a Bull Run, 2nd Battle of, Va., 1862.
|
| 651 |
|
7 |
|a Virginia.
|2 fast
|0 (OCoLC)fst01204597
|
| 655 |
|
7 |
|a Electronic books.
|2 local
|
| 710 |
2 |
|
|a Project Muse.
|e distributor
|
| 830 |
|
0 |
|a Book collections on Project MUSE.
|
| 856 |
4 |
0 |
|z Texto completo
|u https://projectmuse.uam.elogim.com/book/41199/
|
| 945 |
|
|
|a Project MUSE - Custom Collection
|
| 945 |
|
|
|a Project MUSE - Archive Complete Supplement IV
|
| 945 |
|
|
|a Project MUSE - Archive History Supplement IV
|